Online katalóg knižníc regiónu Turca

Hádanky z lesa (Record no. 21430)

MARC details
000 -LEADER
fixed length control field 01212nkm a2200361 a 4500
001 - CONTROL NUMBER
control field 21430
003 - CONTROL NUMBER IDENTIFIER
control field VRT
005 - DATE AND TIME OF LATEST TRANSACTION
control field 20260302104830.0
007 - PHYSICAL DESCRIPTION FIXED FIELD--GENERAL INFORMATION
fixed length control field ki cuu
008 - FIXED-LENGTH DATA ELEMENTS--GENERAL INFORMATION
fixed length control field 200701s2016 xr a b r00 k slo
015 ## - NATIONAL BIBLIOGRAPHY NUMBER
National bibliography number SNBZSA2017/01
020 ## - INTERNATIONAL STANDARD BOOK NUMBER
International Standard Book Number 9788072674879
Qualifying information (leporelo)
039 #9 - LEVEL OF BIBLIOGRAPHIC CONTROL AND CODING DETAIL [OBSOLETE]
Level of rules in bibliographic description 202312031510
Level of effort used to assign nonsubject heading access points AUTHORITY
Level of effort used to assign subject headings 202312031459
Level of effort used to assign classification AUTHORITY
Level of effort used to assign subject headings 202007011555
Level of effort used to assign classification VLOAD
Level of effort used to assign subject headings 201701250843
Level of effort used to assign classification msnk131
040 ## - CATALOGING SOURCE
Original cataloging agency SNK
Language of cataloging slo
Transcribing agency SNK
Description conventions AACR
041 0# - LANGUAGE CODE
Language code of text/sound track or separate title slo
044 ## - COUNTRY OF PUBLISHING/PRODUCING ENTITY CODE
MARC country code xr
ISO country code CZ
072 #7 - SUBJECT CATEGORY CODE
Subject category code 821-93
Subject category code subdivision Literatúra pre deti a mládež (beletria)
Source konspekt
080 ## - UNIVERSAL DECIMAL CLASSIFICATION NUMBER
Universal Decimal Classification number (0.025.2)
Edition identifier 2011
080 ## - UNIVERSAL DECIMAL CLASSIFICATION NUMBER
Universal Decimal Classification number 82-93-053.2
Edition identifier 2011
100 1# - MAIN ENTRY--PERSONAL NAME
Personal name Štefánková, Mária,
Dates associated with a name 1951-
245 10 - TITLE STATEMENT
Title Hádanky z lesa
Medium grafika
Statement of responsibility, etc. [verše Mária Štefánková ; ilustrácie Vladimíra Vopičková]
260 ## - PUBLICATION, DISTRIBUTION, ETC.
Place of publication, distribution, etc. Říčany u Prahy
Name of publisher, distributor, etc. Junior
Date of publication, distribution, etc. 2016
490 1# - SERIES STATEMENT
Series statement Vakát
655 #7 - INDEX TERM--GENRE/FORM
Genre/form data or focus term leporelá
Source of term SNKPH
655 #7 - INDEX TERM--GENRE/FORM
Genre/form data or focus term publikácie pre deti
Source of term SNKPH
655 #7 - INDEX TERM--GENRE/FORM
Genre/form data or focus term Picture books for children
Source of term SNKPHeng
655 #7 - INDEX TERM--GENRE/FORM
Genre/form data or focus term Children's literature
Source of term SNKPHeng
700 1# - ADDED ENTRY--PERSONAL NAME
Personal name Vopičková, Vladimíra,
Dates associated with a name 1965-
Relationship ill
830 #0 - SERIES ADDED ENTRY--UNIFORM TITLE
Uniform title Vakát
910 ## - USER-OPTION DATA (OCLC)
User-option data snk
942 ## - ADDED ENTRY ELEMENTS (KOHA)
Source of classification or shelving scheme Dewey Decimal Classification
Koha item type Krásna literatúra pre deti
Suppress in OPAC No
949 ## - LOCAL PROCESSING INFORMATION (OCLC)
6 17A1250220
a snkOSD 9933
b snk2017/1
o Pemic124-ah/3Int. č. fa – 100/2016
Holdings
Stav vyradenia Strata Poškodenie Spôsob nadobudnutia Domovská knižnica Aktuálna knižnica Dátum nadobudnutia Total checkouts Čiarový kód exemplára Date last seen Typ exemplára
      Dar Obecná knižnica Turčianska Štiavnička Obecná knižnica Turčianska Štiavnička 02.03.2026   4738000117 02.03.2026 Krásna literatúra pre deti
Projekt je podporený Slovenskou asociáciou knižníc
Prevádzkuje Turčianska knižnica Martin 2026